| 000 | 01278nam a2200421 a 4500 | ||
|---|---|---|---|
| 003 | AR-BaBNM | ||
| 005 | 20251128205725.0 | ||
| 008 | 082120s2002 ||||||||||||||000 | spa|| | ||
| 020 | _a84-7738-069-4 | ||
| 040 | _cAR-BaBNM | ||
| 245 | 0 | 0 | _aUna metodología activa y lúdica de enseñanza de la geometría elemental |
| 250 | _a1ª ed. | ||
| 260 |
_aMadrid _bSíntesis _c1989 |
||
| 300 |
_a144 p. _bil |
||
| 490 | 0 |
_aMatemáticas: cultura y aprendizaje _vv. 16 |
|
| 504 | _aBibliografía p. 144 | ||
| 650 | 4 | _aMATEMATICA | |
| 650 | 4 | _aJUEGOS EDUCATIVOS | |
| 650 | 4 | _aDESTREZAS PSICOMOTRICES | |
| 650 | 4 | _aMOTIVACION DEL ALUMNO | |
| 651 | 4 | _aEspaña | |
| 653 | _aENSEÑANZA DE LA GEOMETRIA | ||
| 653 | _aINNOVACIONES EDUCATIVAS | ||
| 653 | _aEDUCACION GENERAL BASICA | ||
| 700 | 1 | _aMartínez Recio, Angel | |
| 700 | 1 | _aRivaya, Francisco Juan | |
| 700 | 1 | _aAguila Ruiz, Francisco | |
| 700 | 1 | _aDe Andrés Cara, Severiana | |
| 700 | 1 | _aArnal Navarro, José | |
| 700 | 1 | _aBurgos Luque, Eduardo | |
| 700 | 1 | _aCuenca Ojeda, Maruja | |
| 700 | 1 | _aHens Muñoz, María del mar | |
| 700 | 1 | _aPalenzuela Rodríguez, Angela | |
| 700 | 1 | _aRodríguez Jurado, María de los Angeles | |
| 700 | 1 | _aTorres Mejía, Eduardo | |
| 942 | _cBK | ||
| 998 | _cCarmen | ||
| 999 |
_c12563 _d12563 |
||